[Event "Delkanda Inter Club-chT"]
[Site "Delkanda"]
[Date "2021.03.02"]
[Round "9.4"]
[White "De Silva, Gihan"]
[Black "De Silva, Osheen"]
[Result "1/2-1/2"]
[WhiteElo "1809"]
[BlackElo "1760"]
[PlyCount "144"]
[EventDate "2021.02.26"]
[EventType "team-tourn"]
[EventRounds "9"]
[EventCountry "SRI"]
[SourceTitle "EXT 2022"]
[Source "ChessBase"]
[SourceDate "2021.10.06"]
[SourceVersion "1"]
[SourceVersionDate "2021.10.06"]
[SourceQuality "1"]
[WhiteTeam "Sokians CC"]
[BlackTeam "Sri Lanka Navy CC"]
[WhiteTeamCountry "SRI"]
[BlackTeamCountry "SRI"]

1. d4 d5 2. c4 c6 3. Nf3 Nf6 4. Qc2 e6 5. g3 Nbd7 6. Nbd2 Bd6 7. Bg2 0-0 8. 0-0 e5 9. cxd5 Nxd5 10. Nc4 Qe7 11. Nxd6 Qxd6 12. dxe5 Nxe5 13. Nxe5 Qxe5 14. e4 Nb4 15. Qe2 Be6 16. a3 Nd5 17. Re1 Nb6 18. f4 Qf6 19. Qf2 Rfe8 20. Be3 Rad8 21. Rad1 Bg4 22. Rxd8 Rxd8 23. h3 Bc8 24. g4 Rd7 25. g5 Qd8 26. f5 Nc4 27. f6 Nxe3 28. Rxe3 Rd2 29. Re2 Rxe2 30. Qxe2 gxf6 31. gxf6 Qxf6 32. Qe3 a6 33. Qg3+ Qg6 34. Qb8 Qe6 35. Kh2 Kf8 36. Qc7 Ke8 37. Qg3 h6 38. Qg8+ Ke7 39. Qh8 Kd7 40. Kh1 Kc7 41. Qd4 Kb8 42. b4 f6 43. a4 Qe5 44. Qd8 h5 45. a5 f5 46. exf5 Qxf5 47. Qd6+ Ka8 48. Qd8 Qd7 49. Qh8 Qd1+ 50. Kh2 Qd6+ 51. Kh1 Kb8 52. Qxh5 Qxb4 53. Qe5+ Ka7 54. Qc7 Qe1+ 55. Kh2 Qe6 56. h4 Qg4 57. Qb6+ Kb8 58. Qd8 Qf4+ 59. Kh1 c5 60. Qg5 Qxg5 61. hxg5 Bf5 62. Kg1 Kc7 63. Kf2 b6 64. axb6+ Kxb6 65. Ke3 Be6 66. Be4 Bg8 67. Kd3 a5 68. Kc3 a4 69. Kb2 c4 70. Ka3 Kb5 71. Bc2 Kc5 72. Bxa4 Kd6 1/2-1/2

[Event "Ambalangoda Dhamso op 3rd"]
[Site "Ambalangoda"]
[Date "2013.02.22"]
[Round "4"]
[White "Lorensuhewa, Prasanjith Chanaka"]
[Black "De Silva, Gihan"]
[Result "1-0"]
[WhiteElo "1637"]
[BlackElo "1954"]
[PlyCount "57"]
[EventDate "2013.02.21"]
[EventType "swiss"]
[EventRounds "9"]
[EventCountry "SRI"]
[SourceTitle "CBM 153 Extra"]
[Source "ChessBase"]
[SourceDate "2013.04.22"]
[SourceVersion "1"]
[SourceVersionDate "2013.04.22"]
[SourceQuality "1"]

1. Nf3 c5 2. c4 Nf6 3. Nc3 e6 4. d4 cxd4 5. Nxd4 a6 6. e3 Be7 7. Be2 0-0 8. 0-0 Qc7 9. b3 d6 10. Bb2 Nbd7 11. Rc1 Rd8 12. Bf3 Ne5 13. Ne4 Rb8 14. Qc2 Nxf3+ 15. Nxf3 Nxe4 16. Qxe4 b6 17. Nd4 Bb7 18. Qg4 Bf8 19. Rfd1 Qe7 20. f4 d5 21. cxd5 Bxd5 22. Rc3 Rbc8 23. Rdd3 Rxc3 24. Rxc3 b5 25. Qe2 Be4 26. Qh5 g6 27. Qe5 Bd5 28. Rc7 Qh4 29. Nf3 1-0

[Event "Ambalangoda Dhamso op 2nd"]
[Site "Ambalangoda"]
[Date "2012.04.23"]
[Round "9"]
[White "De Silva, Osheen"]
[Black "De Silva, Gihan"]
[Result "1/2-1/2"]
[WhiteElo "1889"]
[BlackElo "1996"]
[PlyCount "88"]
[EventDate "2012.04.19"]
[EventType "swiss"]
[EventRounds "9"]
[EventCountry "SRI"]
[SourceTitle "CBM 148 Extra"]
[Source "ChessBase"]
[SourceDate "2012.06.22"]
[SourceVersion "1"]
[SourceVersionDate "2012.06.22"]
[SourceQuality "1"]

1. e4 e5 2. Nf3 Nf6 3. Nxe5 d6 4. Nf3 Nxe4 5. d4 d5 6. Bd3 Nc6 7. 0-0 Bg4 8. c3 Bd6 9. Re1 f5 10. Nbd2 0-0 11. Qb3 Kh8 12. h3 Bh5 13. Qxb7 Na5 14. Qb5 c6 15. Qa4 Bc7 16. Qc2 Qf6 17. b3 Bf4 18. Be2 Rfe8 19. Nf1 Bd6 20. Bb2 Re7 21. N3h2 Bg6 22. Bf3 Rae8 23. Re2 Nb7 24. Rae1 Nd8 25. Qc1 Ne6 26. g3 N6g5 27. Kg2 f4 28. g4 Nxf3 29. Nxf3 Ng5 30. Rxe7 Rxe7 31. Rxe7 Qxe7 32. Nxg5 Qxg5 33. f3 h5 34. Qe1 Bf7 35. Qe2 Qg6 36. a3 Be6 37. Nh2 hxg4 38. hxg4 Qf6 39. Qd2 Bf7 40. Qe2 Bg6 41. c4 Bf7 42. c5 Be7 43. b4 Qh4 44. Nf1 Bg5 1/2-1/2